000 01587cam a2200385 a 4500
001 13923099
003 OSt
005 20140310181720.0
008 050407r20052004nyu 000 0 eng
010 _a 2005047452
020 _a0143036351
020 _a9780143036357
035 _a(OCoLC)ocm59011602
040 _aDLC
_cDLC
_dYDX
_dBAKER
_dNPL
_dOCO
_dBTCTA
_dYDXCP
_dKAAUA
_dDLC
050 0 0 _aPR 6029
_b.Or79 2005
082 0 0 _aIB 109
_2G79o 2005
100 1 _aOrwell, George,
_d1903-1950.
245 1 0 _aWhy I write /
_cOrwell, George
260 _aNew York :
_bPenguin Books,
_c2005.
300 _a119 p. ;
_c19 cm.
440 0 _aGreat ideas
500 _a"This collection first published in Penguin Books (U.K.) 2004."--T.p. verso.
505 0 _aWhy I write -- The lion and the unicorn -- A hanging -- Politics and the English language.
521 _aIB students
_blexile
541 _j1
562 _efor circulation. 1 copy available in the collection
600 1 0 _aOrwell, George,
_d1903-1950
_xAuthorship.
650 0 _aAuthorship.
856 4 2 _3Publisher description
_uhttp://www.loc.gov/catdir/enhancements/fy1204/2005047452-d.html
856 4 1 _3Sample text
_uhttp://www.loc.gov/catdir/enhancements/fy1204/2005047452-s.html
856 4 1 _3Table of contents only
_uhttp://www.loc.gov/catdir/enhancements/fy1204/2005047452-t.html
906 _a7
_bcbc
_corignew
_d1
_eocip
_f20
_gy-gencatlg
942 _2lcc
_cIB
_kIB
999 _c1947
_d1947